Vivamos la música / (Registro nro. 14781)

Detalles MARC
000 -LIDER
fixed length control field 01133nam a22003257a 4500
001 - NÚMERO DE CONTROL
Identificador de número de control 001144
003 - IDENTIFICACDOR DE NÚMERO DE CONTROL
control field DO-SdBNP
005 - DATE AND TIME OF LATEST TRANSACTION
control field 20240813112414.0
007 - CAMPOS FIJOS DE DESCRIPCIÓN FÍSICA
fixed length control field 001144
008 - ELEMENTOS DE LONGITUD FIJA
fixed length control field 160815b2006 sp ||| 00| 0 spa d
020 ## - ISBN
International Standard Book Number 8434224348
040 ## - FUENTE DE CATALOGACIÓN
Agencia que crea de manera original el registro BPMSU
Idioma de catalogación spa
Agencia que realiza la transcripción BPMSU
082 #4 - NÚMERO DE CLASIFICACIÓN DECIMAL DE DEWEY
Classification number 780
Item number C112v 2006
Edition number 22
100 1# - ASIENTO PRINCIPAL -- NOMBRE PERSONAL
Nombre personal Cabacés, Roser
245 10 - MENCIÓN DE TITULO
Título Vivamos la música /
Mención de responsabilidad textos Roser Cabacés y Elisabet Vilaplana ; ilustraciones Anna Clariana ; fotografías Norbert Foto ... [et al.].
250 ## - MENCIÓN DE EDICION
Mención de edición 6ta. ed.
260 ## - PUBLICACIÓN, DISTRIBUCIÓN, ETC. (PIE DE IMPRENTA)
Lugar de publicación, distribución, etc Madrid :
Nombre del editor, distribuidor, etc. Parramón Ediciones,
Fecha de publicación, distribución, etc 2006
300 ## - DESCRIPCIÓN FÍSICA
Extensión 4v. :
Otros detalles físicos il., ;
Dimensiones 28 cm.
490 0# - MENCIÓN DE SERIES
Mención de serie Vivamos la música ;
Volume/sequential designation 1/2/3/4
504 ## - NOTA DE BIBLIOGRAFÍA, ETC.
Bibliography, etc
505 ## - NOTA DE CONTENIDO
Texto normalizado de contenido v.1: La vida tiene música -- v. 2 : La música tiene contrastes -- v.3 : La música se mueve -- v.4 : Vamos a tocar.
590 ## - NOTA LOCAL
Texto de la nota local Inventariado, 2024/VM
650 #4 - ENCABEZAMIENTO DE MATERIA--TEMÁTICO
Término temático o nombre geográfico como elemento de entrada Música
Subdivisión de forma Literatura juvenil.
650 #4 - ENCABEZAMIENTO DE MATERIA--TEMÁTICO
Término temático o nombre geográfico como elemento de entrada Sonidos
Subdivisión de forma Literatura juvenil.
700 1# - ASIENTO SECUNDARIO -- NOMBRE PERSONAL
Nombre personal Vilaplana, Elisabet
Mención de responsabilidad autor
Término de relación
700 1# - ASIENTO SECUNDARIO -- NOMBRE PERSONAL
Nombre personal Clariana, Anna.
Mención de responsabilidad ilustraciones
700 1# - ASIENTO SECUNDARIO -- NOMBRE PERSONAL
Nombre personal Norbert Foto.
Mención de responsabilidad fotografías
910 ## - VALIDACIÓN
Validación VMateo V. Control de calidad. BPMSU
942 ## - ADDED ENTRY ELEMENTS (KOHA)
Source of classification or shelving scheme Dewey Decimal Classification
Koha item type Libros
Existencias
Withdrawn status Lost status Source of classification or shelving scheme Damaged status Not for loan Collection code Home library Current library Date acquired Total Checkouts Full call number Barcode Date last seen Copy number Price effective from Koha item type
    Dewey Decimal Classification     Colección General Biblioteca Pública Metropolitana Salomé Ureña Biblioteca Pública Metropolitana Salomé Ureña 08/13/2024   BPMSU CG 780 C112v 2006 BPMSU24080036 08/13/2024 v.1 08/13/2024 Libros
    Dewey Decimal Classification     Colección General Biblioteca Pública Metropolitana Salomé Ureña Biblioteca Pública Metropolitana Salomé Ureña 08/13/2024   BPMSU CG 780 C112v 2006 BPMSU24080037 08/13/2024 v.2 08/13/2024 Libros
    Dewey Decimal Classification     Colección General Biblioteca Pública Metropolitana Salomé Ureña Biblioteca Pública Metropolitana Salomé Ureña 08/13/2024   BPMSU CG 780 C112v 2006 BPMSU24080038 08/13/2024 v.3 08/13/2024 Libros
    Dewey Decimal Classification     Colección General Biblioteca Pública Metropolitana Salomé Ureña Biblioteca Pública Metropolitana Salomé Ureña 08/13/2024   BPMSU CG 780 C112v 2006 BPMSU24080039 08/13/2024 v.4 08/13/2024 Libros